Normal view
MARC view
- Análisis (Filosofía)
Entry Materia
001 - NÚMERO DE CONTROL DEL REGISTRO
- campo de control: 8775
003 - IDENTIFICADOR DE NUMERO DE CONTROL
- campo de control: MX-MxUPN
005 - FECHA Y HORA DE LA ÚLTIMA TRANSACCIÓN
- campo de control: 20260309110938.0
008 - DATOS DE LONGITUD FIJA
- campo de control de longitud fija: 260309n| fcnnnbabn | ana |d
035 ## - NÚMERO DE CONTROL DEL SISTEMA
- Número de control del sistema: UPN10000008781
040 ## - FUENTE DE LA CATALOGACIÓN
- Centro catalogador de origen: MX-MxUPN
- Lengua de catalogación: spa
- Agencia de transcripción: MX-MxUPN
150 ## - ENCABEZAMIENTO - TEMÁTICO
- Término de materia o nombre geográfico como elemento inicial: Análisis (Filosofía)
- Subdivisión de materia general: Historia
670 ## - FUENTE EN LA QUE SE LOCALIZARON DATOS
- Cita de la fuente: LC
- Información localizada: Analysis (Psychology) - History
902 ## - CATALOGADOR
- Catalogador: CAA/110208
